[Event "XIII Festival"]
[Site "Ozieri ITA"]
[Date "2014.08.01"]
[Round "2"]
[White "Crapulli, Giuseppe"]
[Black "Manca, Luca"]
[WhiteElo "1897"]
[BlackElo "1903"]
[Result "0-1"]
[PlyCount "66"]
[EventDate "2014.07.31"]

1. e4 e5 2. Nf3 Nc6 3. Bb5 Nd4 4. Nxd4 exd4 5. O-O c6 6. Bc4 d5 7. exd5 cxd5 8.
Re1+ Be7 9. Bb5+ Kf8 10. c3 Qb6 11. Qe2 Be6 12. cxd4 Qxd4 13. Nc3 Nf6 14. d3
Bd6 15. Be3 Qh4 16. g3 Qh3 17. f4 h5 18. Qg2 Qf5 19. h4 Rh6 20. d4 Rg6 21. Rad1
Qg4 22. Kh2 Ne4 23. Nxe4 dxe4 24. d5 Bc8 25. Rd4 a6 26. Bf1 Be7 27. Rxe4 Bxh4
28. Bc5+ Kg8 29. Re8+ Kh7 30. Bf2 Qd7 31. Qh3 Qxe8 32. Rxe8 Bxh3 33. Rxa8 Bxf1
0-1

[Event "XIII Festival"]
[Site "Ozieri ITA"]
[Date "2014.08.01"]
[Round "2"]
[White "Di Pinto, Vincenzo"]
[Black "Pisano, Claudio"]
[WhiteElo "1626"]
[BlackElo "1628"]
[Result "1-0"]
[PlyCount "100"]
[EventDate "2014.07.31"]

1. d4 d5 2. Nf3 Nf6 3. Bf4 Nc6 4. e3 Bf5 5. Bd3 Bxd3 6. Qxd3 e6 7. O-O Bd6 8.
Bg5 h6 9. Bh4 Be7 10. Nc3 Qd6 11. a3 a6 12. Na4 Qd7 13. Nc5 Bxc5 14. dxc5 Qe7
15. b4 O-O-O 16. b5 axb5 17. Qxb5 g5 18. Bg3 Ne4 19. Ne5 Nxe5 20. Bxe5 f6 21.
f3 Nxc5 22. Bd4 b6 23. f4 e5 24. fxe5 fxe5 25. Bb2 Rhf8 26. a4 Rxf1+ 27. Rxf1
e4 28. Bf6 Qd7 29. Bxd8 Qxb5 30. axb5 Kxd8 31. Rf8+ Ke7 32. Rh8 Ne6 33. Rxh6 d4
34. Kf2 dxe3+ 35. Kxe3 Nf4 36. g3 Nd5+ 37. Kd4 Nf6 38. c4 Ke6 39. g4 Ke7 40.
Rh8 Nxg4 41. Kxe4 Nf2+ 42. Kd5 Ng4 43. Ke4 Nf2+ 44. Kf3 Nd3 45. Rc8 Ne5+ 46.
Ke4 Kf6 47. Rxc7 Nf7 48. Rc6+ Ke7 49. Rxb6 Nd6+ 50. Kd5 Nc8 1-0

[Event "XIII Festival"]
[Site "Ozieri ITA"]
[Date "2014.08.01"]
[Round "2"]
[White "Giordano, Giulia"]
[Black "Ljubisavljevic, Zivojin Z."]
[WhiteElo "1680"]
[BlackElo "2132"]
[Result "0-1"]
[PlyCount "108"]
[EventDate "2014.07.31"]

1. d4 d5 2. Nf3 c6 3. c4 e6 4. Nc3 f5 5. c5 b6 6. b4 a5 7. Na4 Nd7 8. a3 axb4
9. axb4 b5 10. Bg5 Be7 11. Bxe7 Nxe7 12. Nb2 Rxa1 13. Qxa1 O-O 14. g3 Ng6 15.
Nd3 Qc7 16. h4 Nf6 17. h5 Ne7 18. h6 gxh6 19. Rxh6 Ng4 20. Rh1 Ng6 21. Qc1 Qg7
22. Qg5 Bd7 23. Bh3 Ra8 24. Qc1 Nf6 25. Nfe5 Ne4 26. g4 f4 27. Bg2 Be8 28. Qb2
Qa7 29. Bxe4 dxe4 30. Nc1 Qa3 31. Qxa3 Rxa3 32. Kd2 e3+ 33. fxe3 fxe3+ 34. Kc2
Nxe5 35. dxe5 Bg6+ 36. Kb2 Ra4 37. Kb3 Be4 38. Rh3 Ra1 39. Rxe3 Rb1+ 40. Ka3
Bd5 41. Rc3 Ra1+ 42. Kb2 Ra4 43. Nd3 Ra2+ 44. Kc1 Rxe2 45. Rc2 Re4 46. g5 Rg4
47. Rf2 Rxg5 48. Kd2 Bc4 49. Re2 Rg3 50. Re3 Rxe3 51. Kxe3 Bxd3 52. Kxd3 Kg7
53. Ke4 Kg6 54. Kf4 h5 0-1

[Event "XIII Festival"]
[Site "Ozieri ITA"]
[Date "2014.08.01"]
[Round "2"]
[White "Ibba, Isacco"]
[Black "Passalacqua, Tullio"]
[WhiteElo "2207"]
[BlackElo "1663"]
[Result "1-0"]
[PlyCount "65"]
[EventDate "2014.07.31"]

1. d4 d5 2. Nf3 c6 3. e3 Nf6 4. c4 Bg4 5. cxd5 Bxf3 6. gxf3 Nxd5 7. e4 Nb6 8.
Nc3 e5 9. dxe5 Qxd1+ 10. Kxd1 Bb4 11. Be3 Bxc3 12. bxc3 N8d7 13. f4 Rd8 14. Kc2
O-O 15. Rb1 Rfe8 16. Bh3 Nc4 17. Rxb7 Nxe3+ 18. fxe3 Nc5 19. Rxa7 Nxe4 20. Bf5
Nc5 21. Rb1 g6 22. Ra5 Ne6 23. Be4 Ra8 24. Rbb5 cxb5 25. Rxa8 Rxa8 26. Bxa8 Nc7
27. Bc6 f5 28. exf6 Kf7 29. Kb3 Kxf6 30. Kb4 Ke6 31. Kc5 h6 32. Bxb5 Nd5 33.
Bc4 1-0

[Event "XIII Festival"]
[Site "Ozieri ITA"]
[Date "2014.08.01"]
[Round "2"]
[White "Le Creurer, Kilian"]
[Black "Dragojlovic, Andjelko"]
[WhiteElo "1796"]
[BlackElo "2295"]
[Result "0-1"]
[PlyCount "84"]
[EventDate "2014.07.31"]

1. c4 Nf6 2. Nc3 d5 3. cxd5 Nxd5 4. Nf3 g6 5. g3 Bg7 6. d4 O-O 7. Bg2 c5 8.
Nxd5 Qxd5 9. Be3 cxd4 10. Bxd4 Qa5+ 11. Qd2 Qxd2+ 12. Kxd2 Rd8 13. Kc3 f6 14.
e4 Nc6 15. Be3 f5+ 16. Kc2 Be6 17. a3 Rac8 18. Rac1 Ba2 19. Nd2 Nd4+ 20. Kd1
Bb3+ 21. Nxb3 Nxb3+ 22. Ke2 Nxc1+ 23. Rxc1 Bxb2 24. Rxc8 Rxc8 25. Bxa7 Bxa3 26.
exf5 b5 27. fxg6 hxg6 28. Be4 Kg7 29. Be3 e6 30. Kd1 Bc5 31. Bd2 Bxf2 32. Bd3
Rh8 33. Bxb5 Rxh2 34. g4 Bd4 35. Be1 g5 36. Be2 Be3 37. Bg3 Rh1+ 38. Kc2 Bf4
39. Bxf4 gxf4 40. Kd3 Rh3+ 41. Kd2 Kf6 42. Ke1 Kg5 0-1

[Event "XIII Festival"]
[Site "Ozieri ITA"]
[Date "2014.08.01"]
[Round "2"]
[White "Locci, Damiano"]
[Black "Dessy, Eugenio"]
[WhiteElo "2113"]
[BlackElo "1614"]
[Result "1-0"]
[PlyCount "101"]
[EventDate "2014.07.31"]

1. c4 e5 2. Nc3 Nc6 3. Nf3 Nf6 4. d4 exd4 5. Nxd4 Bb4 6. Bg5 O-O 7. Rc1 Qe7 8.
a3 Bxc3+ 9. Rxc3 Qe5 10. Nf3 Qf5 11. Bxf6 Qxf6 12. g3 d6 13. Bg2 Be6 14. O-O
Rad8 15. Qc1 a5 16. Rd1 Rfe8 17. Re3 h6 18. Qc3 Qxc3 19. Rxc3 Bg4 20. h3 Bd7
21. e3 b6 22. Nd4 Nxd4 23. Rxd4 a4 24. h4 Kf8 25. Bf3 Re5 26. Be2 Bc6 27. f4
Re4 28. Rxe4 Bxe4 29. Bd1 Ra8 30. Kf2 Ke7 31. g4 Ra5 32. Kg3 c6 33. Bf3 Bxf3
34. Kxf3 f5 35. g5 hxg5 36. hxg5 Ra8 37. b3 Ke6 38. bxa4 Rxa4 39. Rb3 Rxc4 40.
Rxb6 Kf7 41. a4 Rxa4 42. Rxc6 d5 43. Rc7+ Kg6 44. Rd7 Ra5 45. Ke2 Ra2+ 46. Kd3
Ra1 47. Rxd5 Rd1+ 48. Kc4 Rxd5 49. Kxd5 Kf7 50. Ke5 g6 51. Kd6 1-0

[Event "XIII Festival"]
[Site "Ozieri ITA"]
[Date "2014.08.01"]
[Round "2"]
[White "Mameli, Gianluca"]
[Black "Garau, Francesca"]
[WhiteElo "1957"]
[BlackElo "1500"]
[Result "1-0"]
[PlyCount "75"]
[EventDate "2014.07.31"]

1. e4 d5 2. exd5 Qxd5 3. Nc3 Qa5 4. d4 c6 5. Bc4 Qc7 6. Nf3 Nf6 7. Bg5 Bf5 8.
Qe2 Nbd7 9. O-O e6 10. Rad1 Bd6 11. a4 O-O 12. Rfe1 Rac8 13. Ne5 Be7 14. Bd3
Bg6 15. Nxg6 fxg6 16. Qxe6+ Rf7 17. Bc4 Bd6 18. Qxf7+ Kh8 19. Bxf6 Nxf6 20.
Qxc7 Rxc7 21. Re6 Bb4 22. Ne4 Rc8 23. c3 Bf8 24. Nxf6 gxf6 25. Rxf6 Re8 26. Rf7
b6 27. b4 a5 28. b5 cxb5 29. Bxb5 Rb8 30. Re1 Kg8 31. Rc7 Rd8 32. d5 Bd6 33.
Rd7 Rxd7 34. Bxd7 h5 35. Re6 Bc5 36. Rxg6+ Kf7 37. Re6 h4 38. Kf1 1-0

[Event "XIII Festival"]
[Site "Ozieri ITA"]
[Date "2014.08.01"]
[Round "2"]
[White "Polo, Alessandro"]
[Black "Buchicchio, Giancarlo"]
[WhiteElo "1537"]
[BlackElo "2066"]
[Result "0-1"]
[PlyCount "108"]
[EventDate "2014.07.31"]

1. e4 c5 2. Nf3 d6 3. d4 cxd4 4. Nxd4 Nf6 5. Nc3 g6 6. Be2 Bg7 7. Be3 Nc6 8.
O-O O-O 9. Qd2 Qa5 10. f3 Kh8 11. a3 Nxd4 12. Bxd4 Be6 13. b4 Qc7 14. Bd3 Nd7
15. Bxg7+ Kxg7 16. Nd1 Ne5 17. Ne3 Rfc8 18. Rfc1 Qc3 19. Qe2 a5 20. b5 Rc5 21.
f4 Nc4 22. Nxc4 Bxc4 23. a4 Rac8 24. Bxc4 Qd4+ 25. Qf2 Qxf2+ 26. Kxf2 Rxc4 27.
Kf3 Rc3+ 28. Ke2 Rxc2+ 29. Rxc2 Rxc2+ 30. Kf3 Rc3+ 31. Ke2 Rc4 32. Kd3 Rb4 33.
Ra2 b6 34. Ke3 Kf6 35. g4 g5 36. f5 Ke5 37. Kf3 Rxe4 38. Rc2 Rxa4 39. Rc6 Ra3+
40. Kf2 Rb3 41. Rxb6 a4 42. Rb7 Kf6 43. b6 a3 44. Ra7 Rxb6 45. Rxa3 Rb2+ 46.
Kg3 Re2 47. Ra6 Ke5 48. Ra7 Kd4 49. Ra4+ Kc5 50. Ra3 d5 51. h4 d4 52. hxg5 Re3+
53. Rxe3 dxe3 54. Kf3 Kd4 0-1

[Event "XIII Festival"]
[Site "Ozieri ITA"]
[Date "2014.08.01"]
[Round "2"]
[White "Saba, Davide"]
[Black "Mortola, Alberto"]
[WhiteElo "1350"]
[BlackElo "1949"]
[Result "0-1"]
[PlyCount "66"]
[EventDate "2014.07.31"]

1. e4 d5 2. e5 c5 3. d4 cxd4 4. Qxd4 Nc6 5. Bb5 Bf5 6. b4 e6 7. Bxc6+ bxc6 8.
c3 Qb6 9. Be3 Qxd4 10. Bxd4 a5 11. a3 axb4 12. cxb4 Bxb4+ 13. axb4 Rxa1 14.
Bxa1 Bxb1 15. Nf3 Ne7 16. Nd4 Kd7 17. g4 Ra8 18. Bc3 Ra2 19. Bd2 Bd3 20. Nb3
Bc4 21. Nc5+ Kc7 22. f3 Ra1+ 23. Kf2 Rxh1 24. Kg2 Ra1 25. h4 Ra2 26. Ne4 dxe4
27. fxe4 Rxd2+ 28. Kf3 Ng6 29. g5 Nxe5+ 30. Kf4 f6 31. gxf6 gxf6 32. h5 Rd3 33.
b5 Rf3# 0-1

[Event "XIII Festival"]
[Site "Ozieri ITA"]
[Date "2014.08.01"]
[Round "2"]
[White "Saddi, Giorgio"]
[Black "Paoli, Guillaume"]
[WhiteElo "1428"]
[BlackElo "1829"]
[Result "0-1"]
[PlyCount "64"]
[EventDate "2014.07.31"]

1. e4 c5 2. c4 Nc6 3. d3 g6 4. Be3 Bg7 5. Nc3 Nd4 6. Nf3 e6 7. Rc1 Ne7 8. b4
Nxf3+ 9. Qxf3 cxb4 10. Nb5 O-O 11. Be2 d6 12. O-O b6 13. Nd4 Bb7 14. Bd2 Bxd4
15. Bxb4 f5 16. Qg3 f4 17. Qg4 Bc8 18. Bf3 e5 19. Qh4 Nc6 20. Qxd8 Rxd8 21. Bd2
g5 22. g4 Bc5 23. Rb1 Nd4 24. Bd1 a5 25. a4 f3 26. Bxg5 Rf8 27. h3 Ra7 28. Bh6
Rf6 29. Bg5 Rg6 30. Bh4 Rh6 31. Bd8 Rxh3 32. Bxb6 Rg7 0-1

[Event "XIII Festival"]
[Site "Ozieri ITA"]
[Date "2014.08.01"]
[Round "2"]
[White "Saddi, Giuseppe Giovanni"]
[Black "Corbo, Giuseppe"]
[WhiteElo "1407"]
[BlackElo "1441"]
[Result "0-1"]
[PlyCount "76"]
[EventDate "2014.07.31"]

1. e4 e5 2. Nf3 Nc6 3. Bb5 Nf6 4. Qe2 Bc5 5. c3 O-O 6. d3 a6 7. Ba4 d6 8. O-O
Be6 9. Be3 Bxe3 10. Qxe3 b5 11. Bc2 h6 12. Rd1 Ng4 13. Qe2 Qf6 14. Nbd2 Ne7 15.
Bb3 Ng6 16. Bxe6 Qxe6 17. Nf1 Nf4 18. Qe1 Qg6 19. Nh4 Qh5 20. g3 Nh3+ 21. Kg2
Nhxf2 22. Ne3 Nxd1 23. Rxd1 Nxe3+ 24. Qxe3 Qxd1 25. Nf5 Qh5 26. h3 f6 27. g4
Qf7 28. d4 Qxa2 29. d5 Qxb2+ 30. Kg3 Rab8 31. Nxh6+ gxh6 32. Qxh6 Qxc3+ 33. Kh4
Kf7 34. Qh7+ Ke8 35. Qg6+ Kd8 36. Qg7 Re8 37. Qxf6+ Kc8 38. Kg5 Kb7 0-1

[Event "XIII Festival"]
[Site "Ozieri ITA"]
[Date "2014.08.01"]
[Round "2"]
[White "Vuelban, Virgilio"]
[Black "Sorcinelli, Andrea"]
[WhiteElo "2313"]
[BlackElo "1722"]
[Result "1-0"]
[PlyCount "77"]
[EventDate "2014.07.31"]

1. e4 c5 2. Nf3 Nc6 3. d4 cxd4 4. Nxd4 Nf6 5. Nc3 e5 6. Ndb5 d6 7. a4 a6 8. Na3
h6 9. Nc4 Be6 10. Be3 Bxc4 11. Bxc4 Be7 12. Nd5 Nxd5 13. exd5 Nb8 14. Qg4 Bg5
15. Bxg5 hxg5 16. g3 g6 17. O-O-O f5 18. Qe2 g4 19. f3 gxf3 20. Qxf3 Qg5+ 21.
Kb1 Nd7 22. h4 Qh5 23. Qb3 Rb8 24. Rhe1 Qh7 25. Be2 Qe7 26. Rh1 Qd8 27. h5 gxh5
28. Bxh5+ Ke7 29. Bg6 Qb6 30. Qf3 f4 31. gxf4 Rbf8 32. Qg4 Kd8 33. Rxh8 Rxh8
34. Bf5 Nc5 35. Qg5+ Ke8 36. Qg6+ Kd8 37. Qf6+ Kc7 38. Qxh8 Ne4 39. Qc8# 1-0

[Event "XIII Festival"]
[Site "Ozieri ITA"]
[Date "2014.08.01"]
[Round "3"]
[White "Buchicchio, Giancarlo"]
[Black "Corbo, Giuseppe"]
[WhiteElo "2066"]
[BlackElo "1441"]
[Result "1-0"]
[PlyCount "62"]
[EventDate "2014.07.31"]

1. e4 e5 2. Nf3 Nc6 3. Bb5 Nf6 4. d3 Bc5 5. c3 O-O 6. O-O d6 7. h3 Be6 8. d4 a6
9. Bxc6 bxc6 10. dxc5 Nxe4 11. cxd6 cxd6 12. Nbd2 Nf6 13. Qe2 c5 14. Rd1 Nd5
15. Ne4 Qe7 16. Nxd6 Nf4 17. Bxf4 exf4 18. Qe5 Rad8 19. Nf5 Qf6 20. Qxf6 gxf6
21. Ne7+ Kg7 22. b3 Rde8 23. Nc6 Rg8 24. Kf1 c4 25. b4 Kh8 26. Rd4 Bf5 27. Re1
Bd3+ 28. Kg1 Rxe1+ 29. Nxe1 Bf5 30. Ne7 Re8 31. Nxf5 Rxe1+ 1-0

[Event "XIII Festival"]
[Site "Ozieri ITA"]
[Date "2014.08.01"]
[Round "3"]
[White "Carucci, Bruno"]
[Black "Saddi, Giuseppe Giovanni"]
[WhiteElo "1463"]
[BlackElo "1407"]
[Result "1-0"]
[PlyCount "37"]
[EventDate "2014.07.31"]

1. d4 Nf6 2. c4 c6 3. Nc3 e6 4. Nf3 d5 5. Bg5 Be7 6. e3 h6 7. Bh4 g5 8. Bg3 Bb4
9. Bd3 Nbd7 10. O-O Nh5 11. Ne5 Nxe5 12. Bxe5 f6 13. Qxh5+ Kf8 14. Bg3 Qd7 15.
c5 b5 16. Bd6+ Kg8 17. Qg6+ Qg7 18. Qe8+ Qf8 19. Qxf8# 1-0

[Event "XIII Festival"]
[Site "Ozieri ITA"]
[Date "2014.08.01"]
[Round "3"]
[White "Cola, Andrea"]
[Black "Freschi, Vincenzo Giuseppe"]
[WhiteElo "1467"]
[BlackElo "1422"]
[Result "1/2-1/2"]
[PlyCount "103"]
[EventDate "2014.07.31"]

1. e4 e5 2. Nf3 Nc6 3. Bc4 Nf6 4. Nc3 Bc5 5. d3 h6 6. O-O d6 7. h3 a6 8. a3 O-O
9. b4 Bd4 10. Nxd4 Nxd4 11. Ne2 b5 12. Nxd4 bxc4 13. Ne2 cxd3 14. cxd3 Bb7 15.
f3 Rc8 16. Be3 c6 17. Qd2 d5 18. Bc5 Re8 19. exd5 cxd5 20. f4 Qc7 21. Qb2 d4
22. Rac1 Nd5 23. Bxd4 Qe7 24. Bc5 Qe6 25. fxe5 Qxe5 26. Qxe5 Rxe5 27. Nf4 Nxf4
28. Rxf4 Re2 29. Rf2 Rce8 30. Rcf1 Bc6 31. a4 f6 32. a5 Kf7 33. Rd1 Bb5 34. d4
Rxf2 35. Kxf2 Re2+ 36. Kg1 Ke6 37. Bf8 Bc6 38. g4 Rg2+ 39. Kf1 Rh2 40. Bxg7
Bb5+ 41. Kg1 Rxh3 42. d5+ Kf7 43. d6 Kxg7 44. d7 Bxd7 45. Rxd7+ Kg6 46. Rd8 Kg7
47. Rd6 Rg3+ 48. Kf2 Rxg4 49. Rxa6 Rxb4 50. Ra7+ Kg6 51. Ra8 Ra4 52. a6 1/2-1/2

[Event "XIII Festival"]
[Site "Ozieri ITA"]
[Date "2014.08.01"]
[Round "3"]
[White "Dragojlovic, Andjelko"]
[Black "Mameli, Gianluca"]
[WhiteElo "2295"]
[BlackElo "1957"]
[Result "1-0"]
[PlyCount "91"]
[EventDate "2014.07.31"]

1. e4 e6 2. d3 d5 3. Nd2 Nf6 4. Ngf3 c5 5. g3 Nc6 6. Bg2 Be7 7. O-O O-O 8. Re1
Qc7 9. e5 Nd7 10. Qe2 b5 11. c3 c4 12. d4 a5 13. Nf1 b4 14. Bf4 a4 15. a3 bxc3
16. bxc3 Na5 17. Ne3 Rb8 18. Nxd5 exd5 19. e6 Bd6 20. exd7 Bxd7 21. Bxd6 Qxd6
22. Qe7 Rb6 23. Qxd6 Rxd6 24. Rab1 Nb3 25. Re5 f6 26. Re3 Re8 27. Ne1 Rxe3 28.
fxe3 Bf5 29. Rb2 Kf7 30. Bf3 g5 31. g4 Bg6 32. Nc2 Bxc2 33. Rxc2 Rd8 34. e4 Re8
35. exd5 Re1+ 36. Kf2 Ra1 37. Be2 Na5 38. Rb2 Rxa3 39. Rb5 Nb3 40. Rb7+ Ke8 41.
Bxc4 Nd2 42. Bb5+ Kd8 43. Ke3 Nb1 44. d6 Rxc3+ 45. Ke4 Nd2+ 46. Kd5 1-0

[Event "XIII Festival"]
[Site "Ozieri ITA"]
[Date "2014.08.01"]
[Round "3"]
[White "Garau, Francesca"]
[Black "Saddi, Giorgio"]
[WhiteElo "1500"]
[BlackElo "1428"]
[Result "1-0"]
[PlyCount "63"]
[EventDate "2014.07.31"]

1. e4 e5 2. Nf3 Nc6 3. Bc4 Nf6 4. d3 Bc5 5. O-O O-O 6. Bg5 d6 7. h3 a6 8. c3 b5
9. Bb3 Bd7 10. Nbd2 b4 11. Re1 a5 12. Nf1 h6 13. Bh4 Ne7 14. Bxf6 gxf6 15. Qd2
Kh7 16. Ng3 Ng6 17. d4 Bb6 18. Rad1 Be6 19. d5 Bc8 20. cxb4 axb4 21. Qxb4 Ba5
22. Qa4 Bd7 23. Qc4 Bxe1 24. Rxe1 Nf4 25. Nh4 Rb8 26. Nhf5 Bxf5 27. Nxf5 Rg8
28. g3 Nxh3+ 29. Kg2 Nf4+ 30. Kh2 Ng6 31. Qc1 Rb6 32. Qxh6# 1-0

[Event "XIII Festival"]
[Site "Ozieri ITA"]
[Date "2014.08.01"]
[Round "3"]
[White "Ljubisavljevic, Zivojin Z."]
[Black "Buchicchio, Alessandro"]
[WhiteElo "2132"]
[BlackElo "1914"]
[Result "1-0"]
[PlyCount "101"]
[EventDate "2014.07.31"]

1. d4 Nf6 2. Bg5 d5 3. Bxf6 gxf6 4. e3 Bf5 5. Bd3 Qd7 6. Ne2 Nc6 7. Ng3 Bxd3 8.
Qxd3 O-O-O 9. c3 h5 10. h4 e6 11. Nd2 Bd6 12. Ne2 Qe7 13. O-O-O e5 14. Kb1 e4
15. Qb5 Qe6 16. Nc1 Be7 17. Qe2 Rd6 18. Ncb3 Nb8 19. c4 dxc4 20. Qxc4 Qxc4 21.
Nxc4 Rd5 22. g3 Rhd8 23. Rc1 Nc6 24. a3 Kb8 25. Ncd2 f5 26. Ka2 Na5 27. Nxa5
Rxa5 28. Nc4 Rad5 29. Rc2 f6 30. b4 R8d7 31. Rb1 Bf8 32. b5 Be7 33. a4 Bf8 34.
Na5 Be7 35. Nc6+ Ka8 36. Nxe7 Rxe7 37. Rbc1 Kb8 38. Rc5 Red7 39. Kb3 Kc8 40. a5
Kd8 41. Kb4 Kc8 42. b6 axb6 43. axb6 c6 44. Ra1 Kb8 45. Rca5 Rb5+ 46. Rxb5 cxb5
47. Kxb5 Rd5+ 48. Kc4 Rd6 49. Ra5 Rc6+ 50. Rc5 Rxb6 51. Rxf5 1-0

[Event "XIII Festival"]
[Site "Ozieri ITA"]
[Date "2014.08.01"]
[Round "3"]
[White "Manca, Luca"]
[Black "Ibba, Isacco"]
[WhiteElo "1903"]
[BlackElo "2207"]
[Result "0-1"]
[PlyCount "90"]
[EventDate "2014.07.31"]

1. e4 g6 2. d4 Bg7 3. Nf3 d6 4. Be3 Nf6 5. Nbd2 O-O 6. Bc4 Nxe4 7. Bxf7+ Rxf7
8. Nxe4 Nc6 9. Neg5 Rf8 10. Qd3 h6 11. Ne4 Bf5 12. Qb3+ Kh7 13. Ng3 Bg4 14. h3
Bxf3 15. gxf3 Bxd4 16. f4 e5 17. O-O-O b6 18. Ne2 Qf6 19. Kb1 Bxe3 20. fxe3
Rae8 21. Rhg1 Ne7 22. Qd3 e4 23. Qc4 c6 24. Nd4 d5 25. Qa6 Qd6 26. Rg2 Qd7 27.
Rdg1 Rf6 28. h4 c5 29. Nb3 h5 30. Nxc5 Qc7 31. Nb3 Nf5 32. Qe2 Nxh4 33. Rg3 Nf5
34. Rg5 Qf7 35. Rh1 d4 36. exd4 Nh6 37. Rhg1 Ng4 38. a3 Rxf4 39. Rb5 Rf2 40.
Qe1 Qc4 41. Rxh5+ gxh5 42. Qd1 Qe2 43. Qc1 Ref8 44. Rh1 Kg6 45. d5 Rf1 0-1

[Event "XIII Festival"]
[Site "Ozieri ITA"]
[Date "2014.08.01"]
[Round "3"]
[White "Mortola, Alberto"]
[Black "Vuelban, Virgilio"]
[WhiteElo "1949"]
[BlackElo "2313"]
[Result "1-0"]
[PlyCount "103"]
[EventDate "2014.07.31"]

1. d4 d5 2. Nf3 Nf6 3. Bf4 e6 4. e3 Bd6 5. Ne5 O-O 6. Nd2 c5 7. c3 Qc7 8. Bd3
Nc6 9. Ndf3 Ne4 10. Nxc6 Bxf4 11. Nce5 Bxe5 12. Nxe5 f6 13. Nf3 b6 14. O-O Bb7
15. Nd2 Nxd2 16. Qxd2 e5 17. Rac1 Rad8 18. f4 a6 19. fxe5 fxe5 20. Rxf8+ Rxf8
21. Rf1 Rxf1+ 22. Bxf1 g6 23. Bd3 Kg7 24. Qc2 b5 25. Qd2 Bc8 26. b4 e4 27. Be2
cxb4 28. cxb4 h5 29. Bd1 Be6 30. Bb3 h4 31. Qc2 Qf7 32. Qf2 Qe7 33. a3 a5 34.
Qd2 h3 35. g3 a4 36. Bd1 Qg5 37. Be2 Bd7 38. Qc3 Kh6 39. Qc1 Be8 40. Qc3 Bc6
41. Kf2 Qf6+ 42. Kg1 Kg5 43. Qc5 Kh6 44. Qc3 Kg7 45. Qc5 Kh6 46. Qb6 Qg5 47.
Kf2 Qf5+ 48. Kg1 Qd7 49. Qb8 Kh7 50. Qf4 Qe7 51. Bg4 Bd7 52. Qc7 1-0

[Event "XIII Festival"]
[Site "Ozieri ITA"]
[Date "2014.08.01"]
[Round "3"]
[White "Paoli, Guillaume"]
[Black "Locci, Damiano"]
[WhiteElo "1829"]
[BlackElo "2113"]
[Result "1-0"]
[PlyCount "109"]
[EventDate "2014.07.31"]

1. c4 f5 2. Nc3 Nf6 3. g3 g6 4. Bg2 Bg7 5. e3 O-O 6. Nge2 d6 7. O-O e5 8. d4 c6
9. b3 Na6 10. Bb2 Be6 11. d5 cxd5 12. Nxd5 Nxd5 13. Bxd5 Qe7 14. Qd2 Rfd8 15.
f4 Qf7 16. Nc3 Nc5 17. Bxe6 Qxe6 18. Nd5 Rac8 19. Nc3 e4 20. Nd5 Qf7 21. Bd4
Nd3 22. Bxa7 Bxa1 23. Rxa1 b5 24. Bb6 Rd7 25. Bd4 Rb7 26. Nf6+ Kf8 27. Qa5 bxc4
28. Qa6 Qe7 29. bxc4 Nc5 30. Qa3 Ne6 31. Nd5 Qd8 32. Bf6 Qd7 33. Be7+ Kf7 34.
Qc3 Nc7 35. Qf6+ Kg8 36. Nxc7 Rbxc7 37. Bxd6 Rxc4 38. Be5 Rc1+ 39. Rxc1 Rxc1+
40. Kg2 Rc2+ 41. Kh3 Rc6 42. Qh8+ Kf7 43. Qxh7+ Ke6 44. Qxg6+ Kd5 45. Qg8+ Re6
46. Qa8+ Kc4 47. Bd4 Rh6+ 48. Kg2 Rc6 49. Qb8 Kd3 50. Qb5+ Kd2 51. Kf2 Qc8 52.
Qe2+ Kc1 53. Ke1 Rc3 54. Qd2+ Kb1 55. Bxc3 1-0

[Event "XIII Festival"]
[Site "Ozieri ITA"]
[Date "2014.08.01"]
[Round "3"]
[White "Passalacqua, Tullio"]
[Black "Mura, Marta"]
[WhiteElo "1663"]
[BlackElo "1392"]
[Result "1-0"]
[PlyCount "33"]
[EventDate "2014.07.31"]

1. d4 d5 2. Nf3 e6 3. c4 Nf6 4. Bg5 c5 5. e3 Nc6 6. Nc3 Be7 7. dxc5 dxc4 8. Qc2
Bxc5 9. Rd1 Qe7 10. Bxc4 O-O 11. O-O e5 12. Ne4 Bf5 13. Nxf6+ gxf6 14. Qxf5
fxg5 15. Nxg5 Kg7 16. Rd7 Qf6 17. Qxh7# 1-0

[Event "XIII Festival"]
[Site "Ozieri ITA"]
[Date "2014.08.01"]
[Round "3"]
[White "Pedranghelu, Mario"]
[Black "Chighine, Roberto"]
[WhiteElo "1392"]
[BlackElo "1434"]
[Result "0-1"]
[PlyCount "94"]
[EventDate "2014.07.31"]

1. e4 e6 2. d4 d5 3. exd5 exd5 4. Nf3 Nf6 5. Nc3 Be7 6. Be2 O-O 7. O-O Nc6 8.
Re1 Bd7 9. Bd2 Bg4 10. Bg5 Re8 11. Ne5 Nxe5 12. dxe5 Bxe2 13. Rxe2 Nd7 14. Bxe7
Rxe7 15. Nxd5 Rxe5 16. Rxe5 Nxe5 17. Nf4 Qg5 18. g3 Rd8 19. Qh5 Qxh5 20. Nxh5
Rd2 21. Rc1 Nc4 22. b3 Na3 23. Nf4 Rxc2 24. Rxc2 Nxc2 25. Nd5 c6 26. Ne7+ Kf8
27. Nc8 a5 28. Nb6 Ke7 29. Nc4 b5 30. Nxa5 Kd6 31. Nb7+ Kd5 32. Nd8 f6 33. Kf1
c5 34. Ke2 c4 35. Nb7 cxb3 36. axb3 Nd4+ 37. Kd3 Nxb3 38. Kc3 Nc5 39. Na5 Ne4+
40. Kd3 Nxf2+ 41. Ke2 Ne4 42. Nb3 Kc4 43. Na5+ Kc3 44. Nc6 b4 45. Nxb4 Kxb4 46.
Ke3 f5 47. h4 Nxg3 0-1

[Event "XIII Festival"]
[Site "Ozieri ITA"]
[Date "2014.08.01"]
[Round "3"]
[White "Pisano, Claudio"]
[Black "Saba, Davide"]
[WhiteElo "1628"]
[BlackElo "1350"]
[Result "1-0"]
[PlyCount "103"]
[EventDate "2014.07.31"]

1. e4 e5 2. Nf3 Nc6 3. Bc4 Nh6 4. d3 Bc5 5. Nc3 Ng4 6. O-O Nd4 7. Nxd4 Bxd4 8.
Qxg4 d5 9. Qxg7 Rf8 10. exd5 Qh4 11. Qg3 Qf6 12. Bg5 Qg6 13. Rae1 f6 14. Be3 c5
15. Qxg6+ hxg6 16. Bxd4 cxd4 17. Nb5 Kd7 18. Re4 g5 19. c3 a6 20. Na3 b5 21.
Bb3 Kd6 22. cxd4 Bf5 23. dxe5+ fxe5 24. Re3 Rfe8 25. Rfe1 Rac8 26. d4 e4 27.
Nb1 a5 28. Nd2 a4 29. Bd1 Kxd5 30. Nf3 Rg8 31. Nd2 Rge8 32. b3 Kxd4 33. bxa4
bxa4 34. Bxa4 Re7 35. Nb3+ Kd5 36. Rd1+ Kc4 37. Rc1+ Kb4 38. Rxc8 Bxc8 39. Bc6
Ka3 40. Rxe4 Be6 41. Nd4 Kxa2 42. Rxe6 Ra7 43. Re2+ Kb1 44. Re1+ Kb2 45. g3 Ra6
46. h4 gxh4 47. gxh4 Ra4 48. Bxa4 Kc3 49. h5 Kxd4 50. h6 Kc5 51. h7 Kb4 52.
h8=R 1-0

[Event "XIII Festival"]
[Site "Ozieri ITA"]
[Date "2014.08.01"]
[Round "3"]
[White "Pizzadili, Marina"]
[Black "Giordano, Giulia"]
[WhiteElo "1410"]
[BlackElo "1680"]
[Result "0-1"]
[PlyCount "56"]
[EventDate "2014.07.31"]

1. d4 d5 2. e3 Nf6 3. Nf3 c5 4. Bb5+ Nc6 5. Ne5 Qc7 6. f4 Bf5 7. Bxc6+ bxc6 8.
Nc3 Ne4 9. O-O f6 10. Qh5+ g6 11. Qe2 fxe5 12. Na4 exd4 13. b3 Bg7 14. Ba3 dxe3
15. Rad1 Nd2 16. Qxe3 Bd4 17. Bxc5 Bxe3+ 18. Bxe3 Nxf1 19. Rxf1 O-O 20. Nc5 e5
21. c4 d4 22. Bd2 exf4 23. Bxf4 Qe7 24. h3 Qxc5 25. g4 d3+ 26. Rf2 Bxg4 27.
hxg4 Rxf4 28. Kf1 Qxf2# 0-1

[Event "XIII Festival"]
[Site "Ozieri ITA"]
[Date "2014.08.01"]
[Round "3"]
[White "Sorcinelli, Andrea"]
[Black "Careddu, Angelo"]
[WhiteElo "1722"]
[BlackElo "1446"]
[Result "1/2-1/2"]
[PlyCount "52"]
[EventDate "2014.07.31"]

1. e4 d6 2. d4 Nf6 3. Nc3 g6 4. f3 Bg7 5. Be3 O-O 6. Qd2 Na6 7. O-O-O c6 8. g4
b5 9. h4 Qa5 10. Kb1 b4 11. Nce2 Be6 12. b3 Nc7 13. Nf4 Nb5 14. Bxb5 Qxb5 15.
Nxe6 fxe6 16. Bh6 a5 17. Bxg7 Kxg7 18. Ne2 e5 19. Qd3 Qxd3 20. Rxd3 Nd7 21. Rf1
Rf7 22. g5 Raf8 23. Kc1 Kg8 24. c4 c5 25. d5 Kg7 26. Kd2 Rh8 1/2-1/2

[Event "XIII Festival"]
[Site "Ozieri ITA"]
[Date "2014.08.02"]
[Round "4"]
[White "Buchicchio, Alessandro"]
[Black "Sanna, Raul"]
[WhiteElo "1914"]
[BlackElo "1407"]
[Result "1-0"]
[PlyCount "83"]
[EventDate "2014.07.31"]

1. e4 d5 2. exd5 Qxd5 3. Nc3 Qa5 4. d4 c6 5. Bc4 Bf5 6. Nf3 Nf6 7. O-O e6 8.
Re1 Be7 9. Ne5 O-O 10. Bd3 Bxd3 11. Qxd3 Re8 12. Bd2 Qc7 13. Rad1 Nbd7 14. Qh3
Bf8 15. Bf4 Bd6 16. Ne4 Nd5 17. Nxd6 Nxf4 18. Qa3 Rf8 19. c4 f6 20. Nf3 c5 21.
g3 Nh3+ 22. Kg2 Nxf2 23. Nb5 Qb6 24. dxc5 Nxc5 25. Rd6 Qxd6 26. Nxd6 Nfd3 27.
Rd1 Rad8 28. Rxd3 Nxd3 29. Qxd3 Rf7 30. c5 Re7 31. Nd4 e5 32. Qc4+ Kh8 33. N4f5
Red7 34. Nf7+ Rxf7 35. Qxf7 Rg8 36. h4 e4 37. h5 h6 38. Qg6 e3 39. Nxh6 Rf8 40.
Nf5 Rg8 41. h6 a6 42. hxg7+ 1-0